MyGZULibrary

Innovative approaches to development planning. (Record no. 3576)

MARC details
000 -LEADER
fixed length control field 00904cam a2200289 a 4500
001 - CONTROL NUMBER
control field 558330
003 - CONTROL NUMBER IDENTIFIER
control field GZU
005 - DATE AND TIME OF LATEST TRANSACTION
control field 20201202115541.0
008 - FIXED-LENGTH DATA ELEMENTS--GENERAL INFORMATION
fixed length control field 881214s1988 fr a b i000 0 eng d
010 ## - LIBRARY OF CONGRESS CONTROL NUMBER
LC control number 88211088
020 ## - INTERNATIONAL STANDARD BOOK NUMBER
International Standard Book Number 9231025392
035 ## - SYSTEM CONTROL NUMBER
System control number (OCoLC)18238573
040 ## - CATALOGING SOURCE
Original cataloging agency AzU
Transcribing agency DLC
Modifying agency DLC
042 ## - AUTHENTICATION CODE
Authentication code lccopycat
050 04 - LIBRARY OF CONGRESS CALL NUMBER
Classification number HD82
Item number .INN 1988
245 00 - TITLE STATEMENT
Title Innovative approaches to development planning.
260 ## - PUBLICATION, DISTRIBUTION, ETC.
Place of publication, distribution, etc. Paris :
Name of publisher, distributor, etc. Unesco,
Date of publication, distribution, etc. 1988.
300 ## - PHYSICAL DESCRIPTION
Extent 266 p. :
Other physical details ill. ;
Dimensions 24 cm.
490 1# - SERIES STATEMENT
Series statement Socio-economic studies ;
Volume/sequential designation 14
504 ## - BIBLIOGRAPHY, ETC. NOTE
Bibliography, etc. note Includes bibliographical references.
650 #0 - SUBJECT ADDED ENTRY--TOPICAL TERM
Topical term or geographic name entry element Economic development.
710 2# - ADDED ENTRY--CORPORATE NAME
Corporate name or jurisdiction name as entry element Unesco.
830 #0 - SERIES ADDED ENTRY--UNIFORM TITLE
Uniform title Socio-economic studies (Unesco) ;
Volume/sequential designation 14.
906 ## - LOCAL DATA ELEMENT F, LDF (RLIN)
a 7
b cbc
c copycat
d 3
e ncip
f 19
g y-gencatlg
942 ## - ADDED ENTRY ELEMENTS (KOHA)
Source of classification or shelving scheme Library of Congress Classification
Koha item type Books
Classification part 82
Item part INN
Call number prefix HD
Holdings
Withdrawn status Lost status Damaged status Not for loan Collection code Home library Current library Shelving location Date acquired Total Checkouts Full call number Barcode Date last seen Copy number Price effective from Koha item type
        Non-fiction City Campus Library City Campus Library General Stacks 12/02/2020   HD 82 INN 1988 028313 12/02/2020 c.1 12/02/2020 Books